[Event "I Goi Mailako Zentroa Xake Txapelketa Itxia"]
[Site "Donostia"]
[Date "2011.07.13"]
[Round "1"]
[Board "1"]
[White "Franco Alonso, Alejandro"]
[Black "Gonzalez De La Torre, Santiago"]
[Result "0-1"]
[WhiteElo "2452"]
[BlackElo "2460"]
[PlyCount "0"]
[EventDate "2011.07.13"]
[EventRounds "10"]
[EventCountry "ESP"]

1.d4 d5 2.c4 c6 3.Nc3 Nf6 4.e3 e6 5.Bd2 g6 6.Nf3 Bg7 7.Bd3 O-O 8.O-O Nbd7 9.Rc1
a5 10.a4 Qb6 11.Qc2 Qa7 12.b3 Rd8 13.Rfd1 b6 14.e4 dxe4 15.Nxe4 Nxe4 16.Bxe4 Bb7
17.Bg5 f6 18.Bh4 Nf8 19.c5 bxc5 20.dxc5 g5 21.Bxg5 fxg5 22.Nxg5 Ba6 23.Bxh7+ Kh8
24.Be4 Bd4 25.Bxc6 Rac8 26.Qe4 Bxf2+ 27.Kxf2 Rxd1 28.Rxd1 Qxc5+ 29.Qd4+ Qxd4+
30.Rxd4 Rxc6 31.Rd6 Bb7 32.Rxc6 Bxc6 33.Nf7+ Kg7 34.Ne5 Bd5 35.Ke3 Bxb3 36.Nc6
Bxa4 37.Nxa5 Kf6 38.Nc4 Bc6 39.g3 Bd5 40.Nd2 e5 41.h4 Kf5 42.Kf2 Nh7 43.Nf1 Nf6
44.Ne3+ Ke4 45.g4 Kf4 46.Nxd5+ Nxd5 47.g5 Kg4 48.g6 Kxh4 49.Kf3 Nf6 50.g7 Kg5 0-1

[Event "I Goi Mailako Zentroa Xake Txapelketa Itxia"]
[Site "Donostia"]
[Date "2011.07.13"]
[Round "1"]
[Board "1"]
[White "Flear, Glenn C"]
[Black "Prie, Eric"]
[Result "1/2-1/2"]
[WhiteElo "2483"]
[BlackElo "2490"]
[PlyCount "0"]
[EventDate "2011.07.13"]
[EventRounds "10"]
[EventCountry "ESP"]

1.d4 Nf6 2.c4 c5 3.d5 a6 4.Nc3 b5 5.cxb5 axb5 6.Nxb5 e6 7.dxe6 fxe6 8.e4 Ba6
9.e5 Nd5 10.Bd3 Qa5+ 11.Bd2 Nb4 12.Bxb4 Qxb4+ 13.Qd2 Bxb5 14.Qxb4 cxb4 15.Bxb5
Ra5 16.Be2 Nc6 17.Nf3 Nxe5 18.Nxe5 Rxe5 19.Rc1 Kd8 20.Rc2 Ra5 21.Bc4 Bc5 22.Ke2
Rf8 23.f3 Ke7 24.Rd1 Rf6 1/2-1/2

[Event "I Goi Mailako Zentroa Xake Txapelketa Itxia"]
[Site "Donostia"]
[Date "2011.07.14"]
[Round "2"]
[Board "1"]
[White "Argandona Riveiro, Inigo"]
[Black "Prie, Eric"]
[Result "1/2-1/2"]
[WhiteElo "2388"]
[BlackElo "2490"]
[PlyCount "0"]
[EventDate "2011.07.13"]
[EventRounds "10"]
[EventCountry "ESP"]

1.c4 Nf6 2.Nf3 c6 3.d4 d5 4.e3 Bg4 5.Qb3 Qb6 6.Nc3 e6 7.Nh4 Be7 8.h3 Bh5 9.g4
Bg6 10.Nxg6 hxg6 11.Bg2 Na6 12.c5 Qxb3 13.axb3 Nc7 14.g5 Nd7 15.f4 Rh4 16.Kf2 f6
17.e4 Kf7 18.Kg3 Rhh8 19.b4 a6 20.h4 Rad8 21.e5 1/2-1/2

[Event "I Goi Mailako Zentroa Xake Txapelketa Itxia"]
[Site "Donostia"]
[Date "2011.07.14"]
[Round "2"]
[Board "1"]
[White "Gonzalez De La Torre, Santiago"]
[Black "Flear, Glenn C"]
[Result "1/2-1/2"]
[WhiteElo "2460"]
[BlackElo "2483"]
[PlyCount "0"]
[EventDate "2011.07.13"]
[EventRounds "10"]
[EventCountry "ESP"]

1.e4 e5 2.Nf3 Nc6 3.Bb5 a6 4.Ba4 Nf6 5.O-O Be7 6.Re1 b5 7.Bb3 d6 8.c3 O-O 9.h3
Na5 10.Bc2 c5 11.d4 Nd7 12.Nbd2 exd4 13.cxd4 Nc6 14.d5 Nce5 15.Nxe5 Nxe5 16.a4
Rb8 17.f4 Ng6 18.Nf3 f5 19.e5 Bb7 20.e6 Qa5 21.Be3 c4 22.b4 Qxb4 23.Nd4 Bxd5
24.axb5 axb5 25.Nxf5 Bxe6 26.Nxe7+ Nxe7 27.Bd4 Nc6 28.Rxe6 Nxd4 29.Qxd4 Qc5
30.Rxd6 Qxd4+ 31.Rxd4 Rfd8 32.Rad1 Rxd4 33.Rxd4 Ra8 34.Kf1 Ra2 35.Rd8+ Kf7
36.Bxh7 Ke7 37.Rb8 Rb2 38.Rc8 Kd6 39.Be4 Rb3 40.Ke2 c3 41.Bc2 Ra3 42.Kd3 b4
43.Kc4 Ra2 44.Bb3 Rxg2 45.Kxb4 Rf2 46.Rxc3 Rxf4+ 47.Bc4 Ke5 48.Kc5 g5 49.Be2 Re4
50.Bg4 Re1 51.Rf3 Rc1+ 52.Kb6 Kd6 53.Rf5 Rb1+ 54.Ka5 Re1 55.Kb4 Re5 56.Rf6+ Ke7
57.Rc6 Kf7 58.Kc4 Kg7 59.Kd4 Ra5 60.Ke4 Rb5 61.Be2 Ra5 62.Bd3 Ra4+ 63.Kf5 Rd4
64.Rc7+ Kf8 65.Be4 Ra4 66.Ke5 Kg8 67.Bh7+ Kh8 68.Bf5 Ra8 69.Kf6 Rf8+ 70.Kg6 Rg8+
71.Kh6 Re8 72.Kxg5 Rg8+ 73.Kh6 Re8 74.Rc6 Rg8 75.Be6 Rg6+ 76.Kh5 Rh6+ 77.Kg5
Rg6+ 78.Kf4 Rf6+ 79.Ke5 Kg7 80.Rc8 Rf1 81.Rg8+ Kh7 82.Rg4 Rf8 83.Bf5+ Kh8 84.Ra4
Kg7 85.h4 Rf7 86.Ra6 Kh8 87.h5 Rf8 88.h6 Re8+ 89.Kf4 Rf8 90.h7 Rb8 91.Kg5 Rf8
92.Be6 Kxh7 93.Ra7+ Kh8 94.Bf5 Re8 95.Kf6 Rb8 96.Rh7+ Kg8 97.Rh4 Rf8+ 98.Kg6 Re8
99.Rg4 Kh8 100.Rh4+ Kg8 101.Rh3 Re7 102.Rd3 Kf8 103.Rd8+ Re8 104.Rd6 Re7 105.Be6
Rg7+ 106.Kf6 Rf7+ 107.Ke5 Rg7 108.Rd8+ Ke7 109.Rb8 Rg5+ 110.Bf5 Rg7 111.Rc8 Kf7
112.Bd3 Ke7 113.Ra8 Rg5+ 114.Bf5 Rg7 115.Ra7+ Kf8 116.Bd7 Re7+ 117.Kf6 Rf7+
118.Kg6 Rg7+ 119.Kh6 Re7 120.Kg6 1/2-1/2

[Event "I Goi Mailako Zentroa Xake Txapelketa Itxia"]
[Site "Donostia"]
[Date "2011.07.14"]
[Round "2"]
[Board "1"]
[White "Libiszewski, Fabien"]
[Black "Franco Alonso, Alejandro"]
[Result "0-1"]
[WhiteElo "2480"]
[BlackElo "2452"]
[PlyCount "0"]
[EventDate "2011.07.13"]
[EventRounds "10"]
[EventCountry "ESP"]

1.e4 c5 2.Nf3 e6 3.d4 cxd4 4.Nxd4 Nf6 5.Nc3 d6 6.Be2 Nc6 7.Be3 Be7 8.f4 O-O
9.Qd2 e5 10.Nb3 a5 11.a4 Nb4 12.O-O-O Ng4 13.Bxg4 Bxg4 14.Rdf1 exf4 15.Rxf4 Be6
16.Nd4 Rc8 17.Rhf1 Qd7 18.Nxe6 Qxe6 19.Rf5 Na2+ 20.Kb1 Nxc3+ 21.bxc3 Rc4 22.Rxa5
Bf6 23.Bd4 Bxd4 24.cxd4 Qxe4 25.Qf2 h6 26.Re1 Rxc2 27.Rxe4 Rxf2 28.Ra7 f5 29.Re1
Rxg2 30.Rxb7 f4 31.Rb2 f3 32.Ka2 f2 33.Rf1 Rxh2 34.a5 Rh5 35.Rbxf2 Rxa5+ 36.Kb3
Rxf2 37.Rxf2 h5 38.Kc4 Rg5 0-1

[Event "I Goi Mailako Zentroa Xake Txapelketa Itxia"]
[Site "Donostia"]
[Date "2011.07.15"]
[Round "3"]
[Board "1"]
[White "Flear, Glenn C"]
[Black "Libiszewski, Fabien"]
[Result "1/2-1/2"]
[WhiteElo "2483"]
[BlackElo "2480"]
[PlyCount "74"]
[EventDate "2011.07.13"]
[EventRounds "10"]
[EventCountry "ESP"]

1.d4 Nf6 2.c4 g6 3.Nc3 Bg7 4.e4 d6 5.f4 c5 6.d5 O-O 7.Nf3 e6 8.dxe6 fxe6 9.Bd3
Nc6 10.O-O Nd4 11.Nxd4 cxd4 12.Nb5 e5 13.fxe5 dxe5 14.c5 Be6 15.Qe2 Qd7 16.Bg5
Kh8 17.b4 a5 18.a3 axb4 19.axb4 Rxa1 20.Rxa1 Nh5 21.Nd6 Nf4 22.Bxf4 exf4 23.Ra7
f3 24.gxf3 Be5 25.Qf2 Qd8 26.h4 Qf6 27.Nxb7 Bg4 28.Nd6 Bxf3 29.Rf7 Rxf7 30.Nxf7+
Qxf7 31.Be2 d3 32.Bxf3 Qc4 33.Kg2 Qxb4 34.c6 Qc4 35.Qb6 Qc2+ 36.Kf1 Qc1+ 37.Kg2
Qc2+ 1/2-1/2

[Event "I Goi Mailako Zentroa Xake Txapelketa Itxia"]
[Site "Donostia"]
[Date "2011.07.15"]
[Round "3"]
[Board "1"]
[White "Prie, Eric"]
[Black "Gonzalez De La Torre, Santiago"]
[Result "0-1"]
[WhiteElo "2490"]
[BlackElo "2460"]
[PlyCount "82"]
[EventDate "2011.07.13"]
[EventRounds "10"]
[EventCountry "ESP"]

1.d4 Nf6 2.Bf4 c5 3.e3 Qb6 4.Nc3 Qxb2 5.Nb5 Nd5 6.a3 a6 7.Rb1 Qa2 8.Qc1 axb5
9.Ra1 Qxa1 10.Qxa1 Nc6 11.dxc5 b4 12.a4 Nc3 13.Nf3 Rxa4 14.Qc1 f6 15.e4 Nxe4
16.Bc7 e6 17.Bd3 Nxc5 18.Bb5 Ra3 19.O-O Be7 20.Qf4 g5 21.Qc4 Rc3 22.Qe2 g4
23.Bxc6 bxc6 24.Nh4 Rg8 25.Re1 Ba6 26.Qd1 d5 27.Qa1 Rxc2 28.Bb6 Nd3 29.Rd1 Bb5
30.Qb1 Rb2 31.Qa1 b3 32.h3 Rc2 33.Qb1 Bc4 34.Rxd3 Bxd3 35.Qxb3 Rc1+ 36.Kh2 Bd6+
37.g3 Be4 38.f3 gxf3 39.Bf2 Rf1 40.Qc3 Rxf2+ 41.Kg1 Rc2 0-1

[Event "I Goi Mailako Zentroa Xake Txapelketa Itxia"]
[Site "Donostia"]
[Date "2011.07.15"]
[Round "4"]
[Board "1"]
[White "Prie, Eric"]
[Black "Franco Alonso, Alejandro"]
[Result "1/2-1/2"]
[WhiteElo "2490"]
[BlackElo "2452"]
[PlyCount "0"]
[EventDate "2011.07.13"]
[EventRounds "10"]
[EventCountry "ESP"]

1.d4 Nf6 2.Bf4 e6 3.e3 c5 4.c3 b6 5.Nf3 Be7 6.h3 O-O 7.Nbd2 d5 8.Bd3 Ba6 9.Bxa6
Nxa6 10.Qe2 Nb8 11.O-O Qc8 12.Rfe1 Qb7 13.e4 dxe4 14.Nxe4 Nxe4 15.Qxe4 Qxe4
16.Rxe4 Nd7 17.Rd1 Nf6 18.Ree1 Nd5 19.Bg3 c4 20.a4 a6 21.Ne5 Rfc8 22.Ra1 Ra7
23.Ng4 Rd7 24.Ne3 Rc6 25.Nxd5 Rxd5 26.Re5 f6 27.Rxd5 exd5 28.Kf1 Re6 29.Re1 Kf7
30.Rxe6 Kxe6 31.Bf4 Kf5 32.Bd2 h5 33.g3 Bd6 34.Be1 g5 35.f3 g4 36.hxg4+ hxg4
37.Kf2 b5 38.axb5 axb5 39.Ke3 Bf8 40.f4 Ke6 1/2-1/2

[Event "I Goi Mailako Zentroa Xake Txapelketa Itxia"]
[Site "Donostia"]
[Date "2011.07.16"]
[Round "5"]
[Board "1"]
[White "Argandona Riveiro, Inigo"]
[Black "Gonzalez De La Torre, Santiago"]
[Result "1-0"]
[WhiteElo "2388"]
[BlackElo "2460"]
[PlyCount "0"]
[EventDate "2011.07.13"]
[EventRounds "10"]
[EventCountry "ESP"]

1.c4 Nf6 2.Nc3 e5 3.Nf3 Nc6 4.e4 Bb4 5.d3 d6 6.Be2 Nd7 7.O-O Bxc3 8.bxc3 O-O
9.Be3 Kh8 10.d4 b6 11.c5 dxc5 12.Bb5 Bb7 13.d5 Ncb8 14.Ng5 Nf6 15.f4 exf4
16.Rxf4 h6 17.Rh4 c6 18.Bd3 cxd5 19.e5 Qe7 20.exf6 Qxe3+ 21.Kh1 Qxg5 22.fxg7+
Qxg7 23.Qd2 f5 24.Rxh6+ Kg8 25.Rf1 Nd7 26.Rh5 Rf6 27.Rg5 Raf8 28.Rxg7+ Kxg7
29.Bb5 R8f7 30.Bxd7 Rxd7 31.Qg5+ Kf7 32.Rxf5 Rxf5 33.Qxf5+ Ke8 34.h4 d4 35.cxd4
cxd4 36.Qd3 Kd8 37.Kh2 Rd6 38.g4 Bc6 39.h5 Be8 40.Kg3 b5 41.Kh4 Ke7 42.g5 Kf8
43.Qa3 b4 44.Qxb4 Ke7 45.Qa3 d3 46.Qxa7+ Ke6 47.Qe3+ Kf5 48.Qxe8 d2 49.Qb5+ Kf4
50.Qf1+ Ke3 51.Qg1+ Ke4 52.Qd1 Kf5 53.h6 Rd4+ 54.Kh5 Rd3 55.Qf1+ Ke4 56.Qe2+ Kd4
57.Qd1 1-0

[Event "I Goi Mailako Zentroa Xake Txapelketa Itxia"]
[Site "Donostia"]
[Date "2011.07.16"]
[Round "5"]
[Board "1"]
[White "Libiszewski, Fabien"]
[Black "Prie, Eric"]
[Result "1/2-1/2"]
[WhiteElo "2480"]
[BlackElo "2490"]
[PlyCount "0"]
[EventDate "2011.07.13"]
[EventRounds "10"]
[EventCountry "ESP"]

1.e4 d5 2.exd5 Qxd5 3.Nc3 Qa5 4.d4 Nf6 5.Nf3 Bf5 6.Bc4 e6 7.Bd2 Bb4 8.a3 Bxc3
9.Bxc3 Qb6 10.d5 Nbd7 11.Bd4 c5 12.dxc6 Qxc6 13.Qe2 O-O 14.O-O-O Rfc8 15.Bb3 a5
16.a4 Ne4 17.Kb1 Ndc5 18.Ne5 Qc7 19.g4 Nxb3 20.gxf5 Nxd4 21.Qxe4 Qxc2+ 22.Qxc2
Nxc2 23.fxe6 fxe6 24.Rd7 Nb4 25.Rg1 g6 26.Nxg6 1/2-1/2

[Event "I Goi Mailako Zentroa Xake Txapelketa Itxia"]
[Site "Donostia"]
[Date "2011.07.16"]
[Round "5"]
[Board "1"]
[White "Franco Alonso, Alejandro"]
[Black "Flear, Glenn C"]
[Result "1/2-1/2"]
[WhiteElo "2452"]
[BlackElo "2483"]
[PlyCount "0"]
[EventDate "2011.07.13"]
[EventRounds "10"]
[EventCountry "ESP"]

1.d4 d5 2.c4 c6 3.Nf3 Nf6 4.e3 Bg4 5.Nc3 e6 6.Qb3 Qb6 7.Nh4 Nbd7 8.h3 Bh5 9.g4
Bg6 10.Nxg6 hxg6 11.Bg2 Qa6 12.Bf1 Qb6 13.Bg2 Qa6 14.Bf1 1/2-1/2

[Event "I Goi Mailako Zentroa Xake Txapelketa Itxia"]
[Site "Donostia"]
[Date "2011.07.17"]
[Round "6"]
[Board "1"]
[White "Argandona Riveiro, Inigo"]
[Black "Libiszewski, Fabien"]
[Result "0-1"]
[WhiteElo "2388"]
[BlackElo "2480"]
[PlyCount "0"]
[EventDate "2011.07.13"]
[EventRounds "10"]
[EventCountry "ESP"]

1.Nf3 Nf6 2.c4 g6 3.Nc3 d5 4.e3 Bg7 5.d4 O-O 6.Bd2 dxc4 7.Bxc4 Ne8 8.Rc1 Nd6
9.Bd3 Nc6 10.Na4 Bg4 11.h3 Bxf3 12.gxf3 e5 13.d5 Ne7 14.e4 c6 15.dxc6 Nxc6
16.Bf1 Nd4 17.Bg2 Qh4 18.Be3 Rad8 19.Bxd4 Nb5 20.Bc5 Rxd1+ 21.Rxd1 Rc8 22.O-O
Nd4 23.Bxd4 exd4 24.Rc1 Rxc1 25.Rxc1 Qg5 26.Rc5 Be5 27.Rd5 b6 28.b3 f6 29.Rd7 b5
30.Nc5 Qc1+ 0-1

[Event "I Goi Mailako Zentroa Xake Txapelketa Itxia"]
[Site "Donostia"]
[Date "2011.07.17"]
[Round "6"]
[Board "1"]
[White "Prie, Eric"]
[Black "Flear, Glenn C"]
[Result "1/2-1/2"]
[WhiteElo "2490"]
[BlackElo "2483"]
[PlyCount "0"]
[EventDate "2011.07.13"]
[EventRounds "10"]
[EventCountry "ESP"]

1.d4 d5 2.Bf4 Nf6 3.e3 c5 4.c3 Nc6 5.Nd2 Bf5 6.Ngf3 Qb6 7.dxc5 Qxb2 8.Nd4 e5
9.Bxe5 Bg4 10.Rb1 Qa3 11.f3 Nxe5 12.fxg4 Bxc5 13.Nb5 Qxa2 14.Ra1 Qb2 15.Rb1 Qa2
16.Ra1 Qb2 17.Rb1 1/2-1/2

[Event "I Goi Mailako Zentroa Xake Txapelketa Itxia"]
[Site "Donostia"]
[Date "2011.07.18"]
[Round "7"]
[Board "1"]
[White "Prie, Eric"]
[Black "Argandona Riveiro, Inigo"]
[Result "1/2-1/2"]
[WhiteElo "2490"]
[BlackElo "2388"]
[PlyCount "0"]
[EventDate "2011.07.13"]
[EventRounds "10"]
[EventCountry "ESP"]

1.d4 Nf6 2.Bf4 c5 3.e3 Qb6 4.Nc3 Qxb2 5.Nb5 Nd5 6.a3 a6 7.Rb1 Qa2 8.Qc1 axb5
9.Ra1 Qxa1 10.Qxa1 Nc6 11.Bxb5 cxd4 12.Bxc6 bxc6 13.Qxd4 f6 14.c4 Nxf4 15.exf4
e5 16.fxe5 Bxa3 17.exf6 O-O 18.Ne2 Bb4+ 19.Kd1 Rxf6 20.c5 Rb8 21.Ng3 d5 22.Qe5
Rf8 23.f3 Rb7 24.Qd6 Rf6 25.Qd8+ Rf8 26.Qd6 Rf6 27.Qd8+ Rf8 28.Qd6 Bd7 29.Nh5
Bc8 30.Ng3 1/2-1/2

[Event "I Goi Mailako Zentroa Xake Txapelketa Itxia"]
[Site "Donostia"]
[Date "2011.07.18"]
[Round "7"]
[Board "1"]
[White "Franco Alonso, Alejandro"]
[Black "Libiszewski, Fabien"]
[Result "1/2-1/2"]
[WhiteElo "2452"]
[BlackElo "2480"]
[PlyCount "0"]
[EventDate "2011.07.13"]
[EventRounds "10"]
[EventCountry "ESP"]

1.Nf3 Nf6 2.c4 g6 3.Nc3 Bg7 4.e4 d6 5.d4 O-O 6.Be3 Na6 7.Be2 e5 8.d5 Nc5 9.Nd2
a5 10.O-O Bd7 11.b3 Ne8 12.a3 f5 13.f3 fxe4 14.Ncxe4 b6 15.b4 Nxe4 16.Nxe4 Nf6
17.Bd3 Nxe4 18.Bxe4 Bf5 19.Qd3 axb4 20.axb4 Qd7 1/2-1/2

[Event "I Goi Mailako Zentroa Xake Txapelketa Itxia"]
[Site "Donostia"]
[Date "2011.07.18"]
[Round "8"]
[Board "1"]
[White "Argandona Riveiro, Inigo"]
[Black "Franco Alonso, Alejandro"]
[Result "1/2-1/2"]
[WhiteElo "2388"]
[BlackElo "2452"]
[PlyCount "0"]
[EventDate "2011.07.13"]
[EventRounds "10"]
[EventCountry "ESP"]

1.c4 Nf6 2.Nc3 d5 3.cxd5 Nxd5 4.e4 Nxc3 5.dxc3 Qxd1+ 6.Kxd1 e5 7.Nf3 f6 8.Be3
Nd7 9.Bc4 Bc5 10.Ke2 Ke7 11.Rhd1 Bxe3 12.Kxe3 Nb6 13.Be2 Be6 14.Nd2 a5 15.g3
Rhd8 16.f4 a4 17.f5 Bf7 18.g4 Rd6 19.Rdc1 Rad8 20.Rc2 h5 21.gxh5 Bxh5 22.Rg1
Bxe2 23.Kxe2 Kf7 24.b3 c5 25.Rg6 Rd3 26.Nf3 R3d6 27.Rc1 R8d7 28.h4 axb3 29.axb3
c4 30.Rcg1 Kf8 31.h5 Rc6 32.bxc4 Na4 33.h6 gxh6 34.Ke3 Nxc3 35.c5 Nd1+ 36.Ke2
Nc3+ 37.Ke3 Nd1+ 38.Ke2 1/2-1/2

[Event "I Goi Mailako Zentroa Xake Txapelketa Itxia"]
[Site "Donostia"]
[Date "2011.07.18"]
[Round "8"]
[Board "1"]
[White "Libiszewski, Fabien"]
[Black "Flear, Glenn C"]
[Result "1-0"]
[WhiteElo "2480"]
[BlackElo "2483"]
[PlyCount "57"]
[EventDate "2011.07.13"]
[EventRounds "10"]
[EventCountry "ESP"]

1.e4 e5 2.Nf3 Nc6 3.Bb5 a6 4.Ba4 Nf6 5.O-O Be7 6.d3 d6 7.c3 O-O 8.Nbd2 b5 9.Bc2
d5 10.a4 b4 11.h3 h6 12.d4 bxc3 13.bxc3 exd4 14.e5 Nd7 15.cxd4 Nb4 16.Bb1 a5
17.Re1 c5 18.Nf1 cxd4 19.Nxd4 Nc5 20.Ng3 Bg5 21.Ra3 Bxc1 22.Qxc1 Qb6 23.Ngf5
Bxf5 24.Nxf5 Kh8 25.Nxg7 Ne4 26.Bxe4 dxe4 27.e6 Kxg7 28.Rg3+ Kh7 29.Rxe4 1-0

[Event "I Goi Mailako Zentroa Xake Txapelketa Itxia"]
[Site "Donostia"]
[Date "2011.07.18"]
[Round "8"]
[Board "1"]
[White "Gonzalez De La Torre, Santiago"]
[Black "Prie, Eric"]
[Result "0-1"]
[WhiteElo "2460"]
[BlackElo "2490"]
[PlyCount "66"]
[EventDate "2011.07.13"]
[EventRounds "10"]
[EventCountry "ESP"]

1.e4 d5 2.exd5 Qxd5 3.Nc3 Qa5 4.d4 Nf6 5.Nf3 Bf5 6.Ne5 c6 7.Bf4 e6 8.g4 Bg6 9.h4
Bb4 10.Rh3 Nbd7 11.h5 Be4 12.h6 Nxe5 13.hxg7 Rg8 14.dxe5 Nd5 15.Bd2 Bxc3 16.bxc3
O-O-O 17.Bd3 Bxd3 18.Rxd3 Nb6 19.Rxd8+ Rxd8 20.Kf1 Qxe5 21.Bh6 Qf6 22.Qc1 Qf3
23.Qg5 f6 24.Qe3 Qxg4 25.Re1 e5 26.Qg3 Qxg3 27.fxg3 Rg8 28.Rd1 Kc7 29.Kf2 Nc4
30.Kf3 Nd6 31.Kg4 Kd7 32.c4 Ke6 33.c5 Nf5 0-1

[Event "I Goi Mailako Zentroa Xake Txapelketa Itxia"]
[Site "Donostia"]
[Date "2011.07.19"]
[Round "9"]
[Board "1"]
[White "Prie, Eric"]
[Black "Libiszewski, Fabien"]
[Result "1/2-1/2"]
[WhiteElo "2490"]
[BlackElo "2480"]
[PlyCount "0"]
[EventDate "2011.07.13"]
[EventRounds "10"]
[EventCountry "ESP"]

1.d4 Nf6 2.Bf4 c5 3.e3 Qb6 4.b3 d6 5.Nf3 g6 6.Nc3 Bg7 7.Bb5+ Bd7 8.a4 a6 9.Bxd7+
Nbxd7 10.O-O O-O 11.Re1 Qa5 12.Ne2 Rac8 1/2-1/2

[Event "I Goi Mailako Zentroa Xake Txapelketa Itxia"]
[Site "Donostia"]
[Date "2011.07.20"]
[Round "10"]
[Board "1"]
[White "Franco Alonso, Alejandro"]
[Black "Prie, Eric"]
[Result "1-0"]
[WhiteElo "2452"]
[BlackElo "2490"]
[PlyCount "0"]
[EventDate "2011.07.13"]
[EventRounds "10"]
[EventCountry "ESP"]

1.Nf3 c5 2.c4 Nc6 3.d4 cxd4 4.Nxd4 e5 5.Nb5 a6 6.Nd6+ Bxd6 7.Qxd6 Qe7 8.Qd2 Nf6
9.Nc3 O-O 10.e3 Qc5 11.b3 Rd8 12.Na4 Qa7 13.Ba3 b5 14.cxb5 axb5 15.Bxb5 Ne4
16.Qe2 Qa5+ 17.Kf1 Rb8 18.Bd3 Nd2+ 19.Kg1 e4 20.Rd1 Nf3+ 21.gxf3 exd3 22.Qxd3
Ne5 23.Qd5 Qxd5 24.Rxd5 Nxf3+ 25.Kg2 Bb7 26.Rhd1 Bxd5 27.Rxd5 Nh4+ 28.Kg3 Ng6
29.Bd6 Ra8 30.Rd2 Re8 31.Nb6 Ra7 32.a4 h5 33.b4 h4+ 34.Kf3 Ne5+ 35.Bxe5 Rxe5
36.Rxd7 Ra6 37.a5 g5 38.Rd5 Rxd5 39.Nxd5 f5 40.Ne7+ Kf7 41.Nxf5 Kf6 42.Nd4 Ra8
43.Kg4 Kg6 44.Nc6 Rf8 45.f3 Re8 46.a6 Rxe3 47.a7 1-0